Развитие ультразвукового контроля в нефтегазовой отрасли: Ивано-Франковская школа; Техническая диагностика и неразрушающий контроль; № 1

Библиографические подробности
Источник:Техническая диагностика и неразрушающий контроль: научно-технический и производственный журнал/ Национальная академия наук Украины (НАНУ), Институт электросварки им. Е. О. Патона (ИЭС) ; Международная ассоциация "Сварка".— , 1990-1993, 2001-.— 0235-3474
№ 1.— 2006.— С. 38-42
Главный автор: Троицкий В. А.
Другие авторы: Карпаш О. М., Криничный П. Я.
Язык:русский
Опубликовано: 2006
Серии:Неразрушающий контроль
Предметы:
Формат: MixedMaterials Статья
Запись в KOHA:https://koha.lib.tpu.ru/cgi-bin/koha/opac-detail.pl?biblionumber=401144

MARC

LEADER 00000naa2a2200000 4500
001 401144
005 20231101065512.0
035 |a (RuTPU)RU\TPU\prd\44179 
090 |a 401144 
100 |a 20060616a2006 k y0rusy50 ca 
101 0 |a rus 
102 |a RU 
200 1 |a Развитие ультразвукового контроля в нефтегазовой отрасли: Ивано-Франковская школа  |f В. А. Троицкий, О. М. Карпаш, П. Я. Криничный 
225 1 |a Неразрушающий контроль 
320 |a Библиогр.: 32 назв. 
461 0 |0 (RuTPU)RU\TPU\prd\1736  |x 0235-3474  |t Техническая диагностика и неразрушающий контроль  |o научно-технический и производственный журнал  |f Национальная академия наук Украины (НАНУ), Институт электросварки им. Е. О. Патона (ИЭС) ; Международная ассоциация "Сварка"  |d 1990-1993, 2001- 
463 0 |0 (RuTPU)RU\TPU\prd\43565  |t № 1  |v С. 38-42  |d 2006 
610 1 |a ультразвуковой контроль 
610 1 |a нефтегазовая отрасль 
610 1 |a Ивано-Франковская школа 
610 1 |a развитие 
610 1 |a научные итоги 
610 1 |a неразрушающий контроль 
610 1 |a нефтегазовое оборудование 
610 1 |a история 
675 |a 620.179  |v 3 
700 1 |a Троицкий  |b В. А. 
701 1 |a Карпаш  |b О. М. 
701 1 |a Криничный  |b П. Я. 
801 1 |a RU  |b 63413507  |c 20060616  |g PSBO 
801 2 |a RU  |b 63413507  |c 20160127  |g RCR 
942 |c BK